Creative Skills In Business

Guardado en:
Detalles Bibliográficos
Autor principal: Johnston, Peter P.
Formato: Libro
Lenguaje:inglés
Publicado: [S.l.] [s.n.] 2023
Materias:
Etiquetas: Agregar Etiqueta
Sin Etiquetas, Sea el primero en etiquetar este registro!

MARC

LEADER 00000nam a2200000 4500
001 0304836
005 20250102145046.5
020 |a 9798852113740 
041 0 |a eng 
044 |a GB 
245 1 0 |a Creative Skills In Business  |c Peter P. Johnston 
264 1 |a [S.l.]  |b [s.n.]  |c 2023 
300 |a 131 s. 
610 2 0 |a podnikanie 
610 2 0 |a inovácie technologické 
610 2 0 |a kreativita 
610 2 0 |a zručnosti 
610 2 0 |a stratégia podnikateľská 
610 2 0 |a stratégia podniková 
100 1 |a Johnston, Peter P.